| 000 | 01419nam a2200289Ia 4500 | ||
|---|---|---|---|
| 003 | OSt | ||
| 005 | 20200824170307.0 | ||
| 008 | 191128s2009 ck ad gr 000 0 spa d | ||
| 020 | _a9789587250138 | ||
| 040 |
_aCo-JMCR _cCo-JMCR |
||
| 041 | 0 | _aspa | |
| 082 | 0 | 4 |
_a338.43362109861 / _bJ135d _223 |
| 100 | 1 |
_aJaimes, Carlos Alberto, _eautor _99138 |
|
| 245 | 0 |
_aDesempeño financiero y económico de las EPS del Régimen Contributivo y otros actores de las seguridad social en salud en Colombia 1993-2006 / _cCarlos Alberto Jaimes, Luis Eduardo Rincón |
|
| 250 | _aPrimera edición | ||
| 260 |
_aBogotá : _bFundación Universidad de Bogotá Jorge Tadeo Lozano, _c2009. |
||
| 300 |
_a128 páginas, páginas plegables : _bgráficos a blanco y negro ; _c23 cm. |
||
| 500 | _a Incluye índice de gráficos. Incluye datos datos biográficos del autor en solapa frontal. | ||
| 504 | _aBibliografía : páginas 119-122. | ||
| 505 | 0 | _aMetodología -- Estructura del sistema general de seguridad social en salud -- Análisis macro de los recursos del sistema general de seguridad social en salud -- Análisis micro según tipo de actor del sistema -- Temas para futuras investigaciones | |
| 650 | 2 | 4 |
_aEconomía medica _99139 |
| 650 | 2 | 4 |
_aPolítica médica _99140 |
| 650 | 2 | 4 |
_aSeguro nacional de salud _99141 |
| 650 | 2 | 4 |
_aFinanzas _99142 |
| 700 | 1 |
_aRincón, Luis Eduardo, _eautor _99143 |
|
| 942 |
_2ddc _cBK |
||
| 999 |
_c6057 _d6057 |
||